Francais 3 / (Registro nro. 7963)

Detalles MARC
000 -LIDER
fixed length control field 00965nam a2200277 a 4500
001 - NÚMERO DE CONTROL
Identificador de número de control 000020261
003 - IDENTIFICACDOR DE NÚMERO DE CONTROL
control field DO-SdBNP
005 - DATE AND TIME OF LATEST TRANSACTION
control field 20150715105911.0
008 - ELEMENTOS DE LONGITUD FIJA
fixed length control field 100802s2002 dr abc 000 0 fre d
020 ## - ISBN
International Standard Book Number 999348749X
040 ## - FUENTE DE CATALOGACIÓN
Agencia que crea de manera original el registro BPJMB
Idioma de catalogación spa
Agencia que realiza la transcripción BPJMB
092 ## - LOCALLY ASSIGNED DEWEY DECIMAL CALL NUMBER
Número de clasificación 372.651
Número de ítem (Cutter) F634f
100 1# - ASIENTO PRINCIPAL -- NOMBRE PERSONAL
Nombre personal Flores Infante, Tania
245 10 - MENCIÓN DE TITULO
Título Francais 3 /
Mención de responsabilidad Tania Flores Infante ; ilustración Ruddy Núñez.
260 ## - PUBLICACIÓN, DISTRIBUCIÓN, ETC. (PIE DE IMPRENTA)
Lugar de publicación, distribución, etc Santo Domingo :
Nombre del editor, distribuidor, etc. Santillana,
Fecha de publicación, distribución, etc 2002.
300 ## - DESCRIPCIÓN FÍSICA
Extensión 103 p. :
Otros detalles físicos il., maps. y retrs. ;
Dimensiones 28 cm.
490 1# - MENCIÓN DE SERIES
Mención de serie Umbral
500 ## - NOTA GENERAL
Nota general Educación media. 1er. curso / Segundo ciclo
505 2# - NOTA DE CONTENIDO
Texto normalizado de contenido Demander de l'aide, du secours -- Exprimer la vocation -- Dire comment on se sent -- Donner son opinion sur l'étape actuelle.
650 #4 - ENCABEZAMIENTO DE MATERIA--TEMÁTICO
Término temático o nombre geográfico como elemento de entrada FRANCÉS
Subdivisión temática general ENSEÑANZA
Subdivisión de forma LIBROS DE TEXTO
700 1# - ASIENTO SECUNDARIO -- NOMBRE PERSONAL
Nombre personal Núñez, Ruddy,
Mención de responsabilidad il.
830 #0 - ASIENTO SECUNDARIO DE SERIE--TÍTULO UNIFORME
Título uniforme Umbral
942 ## - ADDED ENTRY ELEMENTS (KOHA)
Source of classification or shelving scheme Dewey Decimal Classification
Koha item type Libros
956 ## - LOCAL ELECTRONIC LOCATION AND ACCESS (OCLC)
Nombre de host DGARCIA
Número de acceso 10
Información de compresión 20100802
Inicio de sesión BND02
Procesador de solicitud 1201
956 ## - LOCAL ELECTRONIC LOCATION AND ACCESS (OCLC)
Nombre de host BTAVAREZ
Número de acceso 10
Información de compresión 20100802
Inicio de sesión BND02
Procesador de solicitud 1426

No hay ítems disponibles.